[Event "CRO-chT3"]
[Site "Zagreb"]
[Date "2008.10.19"]
[Round "9"]
[White "Ilincic, Pavle"]
[Black "Kamenecki, Stjepan"]
[Result "1-0"]
[WhiteElo "2227"]
[BlackElo "1959"]
[PlyCount "113"]
[EventDate "2008.03.30"]
[EventType "team-tourn"]
[EventRounds "9"]
[EventCountry "CRO"]
[SourceTitle "EXT 2011"]
[Source "ChessBase"]
[SourceDate "2010.11.26"]
[SourceVersion "1"]
[SourceVersionDate "2010.11.26"]
[SourceQuality "1"]

1. Nf3 c6 2. c4 d5 3. b3 Nf6 4. Bb2 Nbd7 5. e3 Qc7 6. Qc2 e6 7. Be2 Bd6 8. d3 0-0 9. 0-0 e5 10. Nbd2 Re8 11. cxd5 cxd5 12. Qxc7 Bxc7 13. Rfc1 Ba5 14. Rc2 a6 15. a3 b5 16. b4 Bb6 17. Nb3 e4 18. Ne1 Ne5 19. Bxe5 Rxe5 20. d4 Re8 21. a4 Bd7 22. Nc5 bxa4 23. Nxa6 Rec8 24. Nc5 Be8 25. Rca2 Bxc5 26. bxc5 Rcb8 27. h3 Bc6 28. g4 Ne8 29. Nc2 Nc7 30. Kf1 Rb3 31. Ke1 Rab8 32. Na3 g6 33. Kd2 Rb2+ 34. Kc1 R2b3 35. Rb1 f5 36. Bd1 R3b7 37. Rxb7 Rxb7 38. gxf5 gxf5 39. Rb2 Rxb2 40. Kxb2 f4 41. Kc3 f3 42. Kb4 Ne6 43. h4 Kf7 44. Bxa4 Bxa4 45. Kxa4 Ng7 46. c6 Ke7 47. Kb5 Kd8 48. Kb6 Nf5 49. Nb5 Ne7 50. Kc5 Kc8 51. h5 h6 52. Kd6 Nf5+ 53. Kxd5 Ng3 54. Ke5 Kd8 55. d5 Nh1 56. Kxe4 Nxf2+ 57. Kxf3 1-0

[Event "Bjelovar op 4th"]
[Site "Bjelovar"]
[Date "2008.09.20"]
[Round "5"]
[White "Kamenecki, Stjepan"]
[Black "Slamar, Velimir"]
[Result "0-1"]
[WhiteElo "1953"]
[BlackElo "2217"]
[PlyCount "100"]
[EventDate "2008.09.18"]
[EventType "swiss"]
[EventRounds "7"]
[EventCountry "CRO"]
[SourceTitle "CBM 126 Extra"]
[Source "ChessBase"]
[SourceDate "2008.11.05"]
[SourceVersion "1"]
[SourceVersionDate "2008.11.05"]
[SourceQuality "1"]

1. d4 Nf6 2. c4 g6 3. Nc3 Bg7 4. g3 0-0 5. Bg2 d6 6. Nf3 Nbd7 7. 0-0 e5 8. dxe5 dxe5 9. Ng5 h6 10. Nge4 Nxe4 11. Bxe4 c6 12. e3 Nc5 13. Bg2 Be6 14. b3 e4 15. Ba3 Qa5 16. Bxc5 Rfd8 17. Qc2 Qxc3 18. Qxc3 Bxc3 19. Rac1 Bd2 20. Rc2 Bf5 21. Be7 Rd3 22. g4 Bxg4 23. Bxe4 Rd7 24. Bf6 Re8 25. Bg2 Bb4 26. c5 a5 27. Bd4 Bf5 28. Rcc1 Bd3 29. Ra1 Bxf1 30. Bxf1 Ba3 31. Bc4 Re4 32. Kg2 Rdxd4 33. exd4 Rxd4 34. Re1 Bxc5 35. a4 Kg7 36. Re5 Bb4 37. Re8 Rd7 38. h3 Kf6 39. Re3 h5 40. Rf3+ Kg7 41. Rd3 Re7 42. Re3 Rxe3 43. fxe3 f5 44. Kf3 Bd6 45. Be6 b5 46. axb5 cxb5 47. Bd7 b4 48. Be8 g5 49. Bd7 g4+ 50. Kg2 f4 0-1

[Event "CRO-chT 16th"]
[Site "Sibenik"]
[Date "2007.05.21"]
[Round "5"]
[White "Vlaic, Branko"]
[Black "Kamenecki, Stjepan"]
[Result "1-0"]
[WhiteElo "2244"]
[BlackElo "1934"]
[PlyCount "105"]
[EventDate "2007.05.17"]
[EventType "team"]
[EventRounds "5"]
[EventCountry "CRO"]
[SourceTitle "CBM 118 Extra"]
[Source "ChessBase"]
[SourceDate "2007.07.04"]
[SourceVersion "1"]
[SourceVersionDate "2007.07.04"]
[SourceQuality "1"]

1. f4 d5 2. Nf3 Nf6 3. b3 g6 4. Bb2 Bg7 5. g3 0-0 6. Bg2 c5 7. 0-0 Nc6 8. e3 Ne4 9. Bxg7 Kxg7 10. d3 Nd6 11. Qe1 Qa5 12. c3 e6 13. a3 Qb5 14. Qd1 Na5 15. b4 cxb4 16. cxb4 Nc6 17. Qd2 a5 18. Nc3 Qa6 19. Qb2 Kg8 20. b5 Qb6 21. Qd2 Ne7 22. Nd4 a4 23. Rab1 Nef5 24. Rb4 Nxd4 25. exd4 Ra5 26. Nxa4 Qa7 27. b6 Qa8 28. Qc2 Bd7 29. Nc5 Rc8 30. Qb2 Be8 31. Ra1 Nb5 32. a4 Rd8 33. Nb3 Nd6 34. Nxa5 Qxa5 35. Rc1 Bc6 36. Rc5 Qa6 37. Bf1 Ra8 38. a5 Rc8 39. Be2 Nf5 40. Kf2 Ne7 41. Qc3 Kg7 42. Bd1 Ng8 43. Rb1 Nf6 44. Ba4 Nd7 45. Bxc6 Nxc5 46. dxc5+ f6 47. Bb5 Qa8 48. a6 bxa6 49. Bd7 Rd8 50. c6 d4 51. Qc5 Rf8 52. b7 Qd8 53. b8Q 1-0

[Event "CRO-chT 16th"]
[Site "Sibenik"]
[Date "2007.05.18"]
[Round "2"]
[White "Lukenda, Tina"]
[Black "Kamenecki, Stjepan"]
[Result "1-0"]
[WhiteElo "2116"]
[BlackElo "1934"]
[PlyCount "71"]
[EventDate "2007.05.17"]
[EventType "team"]
[EventRounds "5"]
[EventCountry "CRO"]
[SourceTitle "CBM 118 Extra"]
[Source "ChessBase"]
[SourceDate "2007.07.04"]
[SourceVersion "1"]
[SourceVersionDate "2007.07.04"]
[SourceQuality "1"]

1. d4 d5 2. Nf3 Nf6 3. c4 c6 4. Nc3 Bf5 5. Qb3 Qb6 6. c5 Qxb3 7. axb3 Na6 8. Bf4 Nh5 9. e3 Bc8 10. Ne5 Nc7 11. Nxf7 Nxf4 12. Nxh8 Nh5 13. Bd3 Nf6 14. e4 dxe4 15. Nxe4 Ncd5 16. Ng5 g6 17. Nxh7 Nf4 18. Bxg6+ Nxg6 19. Nxf6+ exf6 20. Nxg6 Bh6 21. 0-0 Kf7 22. Nh4 Be6 23. Rfe1 Bg5 24. Nf3 Bf4 25. Re4 Bc7 26. Rae1 Re8 27. Nd2 Ba5 28. R1e2 f5 29. Re5 Bc7 30. R5e3 Bf4 31. Rf3 Bh6 32. Nc4 Re7 33. Nd6+ Kf6 34. Re5 f4 35. h3 Rg7 36. Ne8+ 1-0

[Event "CRO-chT 16th"]
[Site "Sibenik"]
[Date "2007.05.17"]
[Round "1"]
[White "Kamenecki, Stjepan"]
[Black "Mufic, Goran"]
[Result "0-1"]
[WhiteElo "1934"]
[BlackElo "2298"]
[PlyCount "84"]
[EventDate "2007.05.17"]
[EventType "team"]
[EventRounds "5"]
[EventCountry "CRO"]
[SourceTitle "CBM 118 Extra"]
[Source "ChessBase"]
[SourceDate "2007.07.04"]
[SourceVersion "1"]
[SourceVersionDate "2007.07.04"]
[SourceQuality "1"]

1. e4 c5 2. Nf3 Nc6 3. d4 cxd4 4. Nxd4 g6 5. Be3 Nf6 6. f3 Bg7 7. Nc3 0-0 8. Qd2 d5 9. Nxc6 bxc6 10. exd5 cxd5 11. Bd4 e5 12. Bc5 Re8 13. Bb5 Bd7 14. Bxd7 Qxd7 15. 0-0 d4 16. Ne4 Nxe4 17. fxe4 Qc6 18. b4 Qxe4 19. Rae1 Qd5 20. c3 d3 21. a4 a6 22. Rf3 e4 23. Rh3 Rac8 24. Kh1 h5 25. Rg3 Kh7 26. h4 Qc4 27. Qg5 Re5 28. Qe3 Rd5 29. Rg5 Bxc3 30. Rf1 Rxg5 31. Qxg5 d2 32. Qf4 Rd8 33. Rd1 Qe2 34. Qxf7+ Bg7 35. Qb3 Rd3 36. Qb1 e3 37. b5 axb5 38. axb5 Qxd1+ 39. Qxd1 e2 40. Qxe2 d1Q+ 41. Qxd1 Rxd1+ 42. Kh2 Be5+ 0-1

[Event "Bizovac Metalis op 14th"]
[Site "Bizovac"]
[Date "2007.02.22"]
[Round "1"]
[White "Vargic, Drago"]
[Black "Kamenecki, Stjepan"]
[Result "1-0"]
[WhiteElo "2360"]
[BlackElo "1935"]
[PlyCount "80"]
[EventDate "2007.02.22"]
[EventType "swiss"]
[EventRounds "7"]
[EventCountry "CRO"]
[SourceTitle "CBM 116 Extra"]
[Source "ChessBase"]
[SourceDate "2007.03.07"]
[SourceVersion "1"]
[SourceVersionDate "2007.03.07"]
[SourceQuality "1"]

1. e4 e5 2. Nf3 Nc6 3. Bb5 a6 4. Ba4 b5 5. Bb3 Be7 6. 0-0 Nf6 7. Re1 d6 8. c3 Bg4 9. d3 0-0 10. Nbd2 Na5 11. Bc2 c5 12. h3 Bh5 13. Nf1 h6 14. Ng3 Bxf3 15. Qxf3 Nh7 16. Nf5 Bg5 17. Qg3 Qf6 18. f4 Bxf4 19. Bxf4 exf4 20. Qxf4 Rfd8 21. Re3 Kh8 22. Rf1 Nc6 23. Rg3 g5 24. Qf2 b4 25. d4 bxc3 26. bxc3 cxd4 27. cxd4 Rg8 28. Qd2 Ne7 29. Qd3 Nxf5 30. Rxf5 Qg6 31. Bb3 Rg7 32. Bd5 Ra7 33. Qb3 Re7 34. Qb6 Nf6 35. Rxf6 Qxf6 36. Rf3 Qg6 37. Qd8+ Rg8 38. Qxe7 g4 39. Qf6+ Qxf6 40. Rxf6 gxh3 1-0

[Event "Omis op"]
[Site "Omis"]
[Date "2006.10.07"]
[Round "7"]
[White "Kamenecki, Stjepan"]
[Black "Loncar, Robert"]
[Result "1/2-1/2"]
[WhiteElo "1932"]
[BlackElo "2417"]
[PlyCount "136"]
[EventDate "2006.10.04"]
[EventType "swiss"]
[EventRounds "7"]
[EventCountry "CRO"]
[SourceTitle "CBM 114 Extra"]
[Source "ChessBase"]
[SourceDate "2006.11.03"]
[SourceVersion "1"]
[SourceVersionDate "2006.11.03"]
[SourceQuality "1"]

1. e4 e5 2. Nf3 Nc6 3. Bb5 a6 4. Ba4 Nf6 5. 0-0 b5 6. Bb3 Bc5 7. c3 d5 8. exd5 Nxd5 9. d4 exd4 10. cxd4 Be7 11. h3 Be6 12. Nc3 0-0 13. Ne2 Qd7 14. a3 Rad8 15. Ne5 Qe8 16. Qc2 Nxe5 17. dxe5 c5 18. Bd2 c4 19. Ba2 f5 20. Nd4 Bc5 21. Nxe6 Qxe6 22. Rae1 Kh8 23. Bb1 g6 24. Kh1 Rd7 25. Bg5 Be7 26. Bh6 Rfd8 27. Bc1 Bf8 28. a4 Nb4 29. Qe2 Nd3 30. Bg5 Nxe1 31. Bxd8 Rxd8 32. Rxe1 Bb4 33. Rc1 Rd2 34. Qe3 Rxb2 35. axb5 Bd2 36. Qc5 Bb4 37. Qc6 Qxe5 38. Qxc4 Bd6 39. f4 Qxf4 40. Qxf4 Bxf4 41. bxa6 Rb8 42. Rd1 Ra8 43. Bd3 Kg7 44. g4 Ra7 45. gxf5 Be3 46. fxg6 hxg6 47. Re1 Bf4 48. Rg1 g5 49. h4 Kh6 50. hxg5+ Bxg5 51. Kh2 Bf4+ 52. Kh3 Bg5 53. Rg4 Be3 54. Rg6+ Kh5 55. Rg8 Bd4 56. Rg4 Be3 57. Rg6 Bd4 58. Rd6 Bf2 59. Rd5+ Kh6 60. Kg4 Kg7 61. Rg5+ Kf8 62. Rf5+ Rf7 63. Rb5 Ba7 64. Be4 Ke7 65. Bd5 Rg7+ 66. Kf5 Kd6 67. Bb7 Rh7 68. Rd5+ Kc7 1/2-1/2

[Event "Porec op"]
[Site "Porec"]
[Date "2005.12.02"]
[Round "4"]
[White "Licardo, Renato"]
[Black "Kamenecki, Stjepan"]
[Result "1-0"]
[WhiteElo "2151"]
[BlackElo "1996"]
[PlyCount "93"]
[EventDate "2005.12.01"]
[EventType "swiss"]
[EventRounds "7"]
[EventCountry "CRO"]
[SourceTitle "CBM 109 Extra"]
[Source "ChessBase"]
[SourceDate "2006.01.03"]
[SourceVersion "2"]
[SourceVersionDate "2006.01.03"]
[SourceQuality "1"]

1. e4 c5 2. Nf3 d6 3. d4 cxd4 4. Nxd4 Nf6 5. Nc3 e6 6. Be2 Be7 7. 0-0 Nc6 8. Kh1 Nxd4 9. Qxd4 a6 10. a4 Qc7 11. f4 0-0 12. Be3 Rd8 13. Bf3 e5 14. Qd2 Bg4 15. Bxg4 Nxg4 16. Nd5 Qd7 17. Nb6 Qc6 18. Nxa8 Qxe4 19. Rae1 Rxa8 20. fxe5 Qxe5 21. Bf4 Qf6 22. h3 Qh4 23. Rxe7 Qxe7 24. hxg4 Qh4+ 25. Bh2 Qxg4 26. Qxd6 Qxa4 27. Qc7 Rf8 28. b3 Qe4 29. Bg3 h5 30. Re1 Qg4 31. Qf4 Qg6 32. c4 Rd8 33. Kh2 Rc8 34. Qf3 b5 35. cxb5 axb5 36. Re5 b4 37. Rxh5 Qc2 38. Qf5 Qxf5 39. Rxf5 Rc3 40. Rf3 f6 41. Be1 Rc5 42. Bxb4 Rb5 43. Bd2 Kf7 44. Kg3 Ke6 45. Kf2 g5 46. g4 Rd5 47. Bc3 1-0

[Event "Omis op"]
[Site "Omis"]
[Date "2004.10.09"]
[Round "5"]
[White "Kamenecki, Stjepan"]
[Black "Ribicic, Mate"]
[Result "0-1"]
[WhiteElo "2000"]
[BlackElo "2210"]
[PlyCount "78"]
[EventDate "2004.10.06"]
[EventType "swiss"]
[EventRounds "7"]
[EventCountry "CRO"]
[SourceTitle "CBM 102 Extra"]
[Source "ChessBase"]
[SourceDate "2004.11.03"]
[SourceVersion "1"]
[SourceVersionDate "2004.11.03"]
[SourceQuality "1"]

1. d4 Nf6 2. c4 g6 3. Nc3 Bg7 4. e4 d6 5. f4 0-0 6. Nf3 Na6 7. Be2 c5 8. d5 Bg4 9. 0-0 e6 10. Kh1 exd5 11. exd5 Re8 12. Ng1 Bxe2 13. Ngxe2 Ne4 14. Bd2 Qh4 15. Be1 Qe7 16. f5 Qg5 17. a3 gxf5 18. Qd3 Re5 19. Ng3 Rae8 20. Qf3 Nxg3+ 21. Bxg3 Re3 22. Qxf5 Qxf5 23. Rxf5 Bxc3 24. bxc3 Nb8 25. Raf1 Nd7 26. Rxf7 Ne5 27. Rxb7 Nxc4 28. Bh4 Nd2 29. Rg1 Ne4 30. Rxa7 Nxc3 31. Rd7 Ne4 32. h3 c4 33. Be7 Rxe7 34. Rd8+ Kg7 35. a4 Ra3 36. Ra8 c3 37. a5 Rc7 38. Rc1 c2 39. Re8 Nf2+ 0-1

[Event "Omis op"]
[Site "Omis"]
[Date "2004.10.08"]
[Round "3"]
[White "Kamenecki, Stjepan"]
[Black "Galic, Ivan"]
[Result "1-0"]
[WhiteElo "2000"]
[BlackElo "2191"]
[PlyCount "65"]
[EventDate "2004.10.06"]
[EventType "swiss"]
[EventRounds "7"]
[EventCountry "CRO"]
[SourceTitle "CBM 102 Extra"]
[Source "ChessBase"]
[SourceDate "2004.11.03"]
[SourceVersion "1"]
[SourceVersionDate "2004.11.03"]
[SourceQuality "1"]

1. d4 d5 2. c4 c6 3. Nc3 Nf6 4. Bg5 e6 5. e3 Nbd7 6. Nf3 Be7 7. Be2 0-0 8. 0-0 b6 9. Rc1 Bb7 10. h3 c5 11. dxc5 Nxc5 12. cxd5 Nxd5 13. Bxe7 Qxe7 14. Nd4 Rfd8 15. Qc2 Rac8 16. Nxd5 Bxd5 17. Bf3 h6 18. Bxd5 exd5 19. Qf5 g6 20. Qg4 h5 21. Qe2 Qe4 22. Rfd1 a5 23. a3 a4 24. Qb5 Rd6 25. b4 axb3 26. Nxb3 Rdc6 27. Nd4 Rf6 28. a4 Ra8 29. Nc6 Rxa4 30. Qxb6 Nd3 31. f3 Qh4 32. Rc2 Kg7 33. Qb8 1-0

[Event "Omis op"]
[Site "Omis"]
[Date "2004.10.06"]
[Round "1"]
[White "Kamenecki, Stjepan"]
[Black "Ljubicic, Filip"]
[Result "0-1"]
[WhiteElo "2000"]
[BlackElo "2395"]
[PlyCount "62"]
[EventDate "2004.10.06"]
[EventType "swiss"]
[EventRounds "7"]
[EventCountry "CRO"]
[SourceTitle "CBM 102 Extra"]
[Source "ChessBase"]
[SourceDate "2004.11.03"]
[SourceVersion "1"]
[SourceVersionDate "2004.11.03"]
[SourceQuality "1"]

1. d4 Nf6 2. c4 g6 3. Nc3 Bg7 4. e4 d6 5. f4 0-0 6. Nf3 c5 7. dxc5 Qa5 8. Bd3 Qxc5 9. Qe2 Nc6 10. Be3 Qa5 11. 0-0 Bg4 12. a3 Nd7 13. b4 Qd8 14. Rac1 a5 15. b5 Nd4 16. Bxd4 Bxd4+ 17. Kh1 Rc8 18. h3 Bxf3 19. Rxf3 e6 20. Nd1 Nc5 21. Bb1 f5 22. exf5 gxf5 23. Qd2 Qf6 24. Qxa5 Ne4 25. Qe1 d5 26. Qe2 Rf7 27. g4 Qh4 28. Qh2 Qe1+ 29. Kg2 Qd2+ 30. Nf2 Qxc1 31. Bxe4 dxe4 0-1

[Event "Pula op 15th"]
[Site "Pula"]
[Date "2001.05.20"]
[Round "3"]
[White "Kamenecki, Stjepan"]
[Black "Zufic, Miroslav"]
[Result "0-1"]
[WhiteElo "2054"]
[BlackElo "2274"]
[PlyCount "86"]
[EventDate "2001.05.18"]
[EventType "swiss"]
[EventRounds "9"]
[EventCountry "CRO"]
[SourceTitle "CBM 082 Extra"]
[Source "ChessBase"]
[SourceDate "2001.07.03"]
[SourceVersion "1"]
[SourceVersionDate "2001.07.03"]
[SourceQuality "1"]

1. d4 Nf6 2. Nf3 g6 3. c4 Bg7 4. Nc3 0-0 5. Bg5 d6 6. e3 c5 7. Be2 h6 8. Bh4 cxd4 9. exd4 Bg4 10. h3 Bxf3 11. Bxf3 Nc6 12. 0-0 Qb6 13. Bxc6 bxc6 14. Na4 Qb4 15. Rc1 Rfe8 16. Bxf6 exf6 17. b3 f5 18. d5 c5 19. Rc2 Re4 20. Re2 Rae8 21. Rxe4 fxe4 22. Re1 Bd4 23. Re2 Kg7 24. Qe1 Qxe1+ 25. Rxe1 f5 26. Re2 Kf6 27. Kf1 Ke5 28. Ke1 g5 29. Kd2 Rg8 30. Nc3 h5 31. f3 e3+ 32. Kd3 Bxc3 33. Kxc3 f4 34. Kd3 a5 35. Re1 Ra8 36. Re2 a4 37. Kc3 axb3 38. axb3 g4 39. hxg4 hxg4 40. Re1 Ra2 41. Rg1 Rxg2 42. Rxg2 gxf3 43. Rg8 f2 0-1

[Event "Bizovac Metalis op 08th"]
[Site "Bizovac"]
[Date "2001.02.23"]
[Round "3"]
[White "Martic, Zlatko"]
[Black "Kamenecki, Stjepan"]
[Result "1-0"]
[WhiteElo "2242"]
[BlackElo "2082"]
[PlyCount "34"]
[EventDate "2001.02.22"]
[EventType "swiss"]
[EventRounds "7"]
[EventCountry "CRO"]
[SourceTitle "CBM 080 Extra"]
[Source "ChessBase"]
[SourceDate "2001.03.08"]
[SourceVersion "1"]
[SourceVersionDate "2001.03.08"]
[SourceQuality "1"]

1. d4 c6 2. c4 d5 3. Nf3 g6 4. Nc3 e6 5. e4 dxe4 6. Nxe4 Bg7 7. c5 Nf6 8. Nd6+ Kf8 9. Ne5 Qc7 10. Nexf7 Rg8 11. Bc4 b5 12. Bb3 a5 13. g3 a4 14. Bc2 Ke7 15. 0-0 Rf8 16. Ng5 Nd5 17. Re1 h6 1-0

[Event "Bizovac Metalis op 08th"]
[Site "Bizovac"]
[Date "2001.02.22"]
[Round "1"]
[White "Kovacevic, Blazimir"]
[Black "Kamenecki, Stjepan"]
[Result "1-0"]
[WhiteElo "2457"]
[BlackElo "2082"]
[PlyCount "113"]
[EventDate "2001.02.22"]
[EventType "swiss"]
[EventRounds "7"]
[EventCountry "CRO"]
[SourceTitle "CBM 080 Extra"]
[Source "ChessBase"]
[SourceDate "2001.03.08"]
[SourceVersion "1"]
[SourceVersionDate "2001.03.08"]
[SourceQuality "1"]

1. c4 c5 2. Nf3 Nc6 3. d4 cxd4 4. Nxd4 g6 5. e4 Bg7 6. Be3 d6 7. Nc3 a6 8. Be2 Nf6 9. 0-0 0-0 10. Qd2 Ng4 11. Bxg4 Bxg4 12. Rac1 Rc8 13. b3 Qa5 14. f3 Bd7 15. Rfd1 Nxd4 16. Bxd4 Bxd4+ 17. Qxd4 Qc5 18. Nd5 Qxd4+ 19. Rxd4 Rfe8 20. Nb6 Rc7 21. e5 Bc6 22. exd6 exd6 23. Kf2 Rce7 24. Rc2 Re1 25. Rxd6 Ra1 26. Nd5 Ree1 27. Nb4 Be8 28. Rb6 a5 29. Nd3 Re7 30. Nf4 Bc6 31. Rd2 Kg7 32. Ne2 Rb1 33. Nd4 Be8 34. Rd6 a4 35. Rd8 a3 36. Re2 Rb2 37. Ra8 Rd7 38. Rxa3 Rxe2+ 39. Nxe2 Rd2 40. Ke3 Rb2 41. h4 Bd7 42. Ra7 Bc8 43. g3 h5 44. Ra8 Bh3 45. Rb8 Rxa2 46. Rxb7 Rb2 47. c5 Be6 48. Nd4 Bc8 49. Rb8 Ba6 50. c6 Rb1 51. Kd2 Rb2+ 52. Kc3 Rb1 53. c7 Rc1+ 54. Nc2 Rg1 55. b4 Rxg3 56. b5 Rxf3+ 57. Kb2 1-0

[Event "Arco op 23rd"]
[Site "Arco"]
[Date "2001.??.??"]
[Round "1"]
[White "Dittmar, Peter"]
[Black "Kamenecki, Stjepan"]
[Result "1-0"]
[WhiteElo "2316"]
[BlackElo "2046"]
[PlyCount "69"]
[EventDate "2001.10.17"]
[EventType "swiss"]
[EventRounds "9"]
[EventCountry "ITA"]
[SourceTitle "CBM 085 Extra"]
[Source "ChessBase"]
[SourceDate "2002.01.21"]
[SourceVersion "1"]
[SourceVersionDate "2002.01.21"]
[SourceQuality "1"]

1. d4 Nf6 2. Bg5 e6 3. e4 h6 4. Bxf6 Qxf6 5. Nf3 d6 6. c3 a6 7. Nbd2 e5 8. Bd3 exd4 9. cxd4 Nc6 10. d5 Ne5 11. Nxe5 Qxe5 12. Qc2 Qd4 13. 0-0 Be7 14. Nf3 Qb6 15. Rac1 Bd8 16. e5 0-0 17. Rfe1 dxe5 18. Nxe5 Qd6 19. h3 Bd7 20. Bh7+ Kh8 21. Bf5 Bxf5 22. Qxf5 Bf6 23. Nd7 Bxb2 24. Nxf8 Rxf8 25. Rc2 Bf6 26. g3 g6 27. Qf3 Kg7 28. h4 h5 29. Kg2 Bd4 30. Rc4 Bb6 31. Rf4 Kg8 32. Rf6 Qd7 33. d6 cxd6 34. Qd5 Bc5 35. Rxg6+ 1-0

[Event "Zadar op"]
[Site "Zadar"]
[Date "2000.12.13"]
[Round "5"]
[White "Zelic, Mladen"]
[Black "Kamenecki, Stjepan"]
[Result "1-0"]
[WhiteElo "2296"]
[BlackElo "2030"]
[PlyCount "41"]
[EventDate "2000.12.09"]
[EventType "swiss"]
[EventRounds "9"]
[EventCountry "CRO"]
[SourceTitle "CBM 079 Extra"]
[Source "ChessBase"]
[SourceDate "2001.01.11"]
[SourceVersion "2"]
[SourceVersionDate "2001.01.25"]
[SourceQuality "1"]

1. e4 c6 2. d4 d5 3. Nc3 dxe4 4. Nxe4 Bf5 5. Ng3 Bg6 6. N1e2 h6 7. Nf4 Bh7 8. Bc4 Nf6 9. 0-0 Nbd7 10. Re1 Nb6 11. Bb3 Nbd5 12. c4 Nxf4 13. Bxf4 g5 14. Be5 Bg7 15. Qf3 0-0 16. Nf5 Bg6 17. d5 Bh5 18. Qh3 Bg4 19. Nxh6+ Bxh6 20. Qxh6 Bf5 21. d6 1-0

[Event "Cannes op"]
[Site "Cannes"]
[Date "2000.02.25"]
[Round "6"]
[White "Khalil, Vincent"]
[Black "Kamenecki, Stjepan"]
[Result "1-0"]
[WhiteElo "2072"]
[BlackElo "2030"]
[PlyCount "59"]
[EventDate "2000.02.20"]
[EventType "swiss"]
[EventRounds "9"]
[EventCountry "FRA"]
[SourceTitle "EXT 2001"]
[Source "ChessBase"]
[SourceDate "2000.11.22"]
[SourceVersion "1"]
[SourceVersionDate "2000.11.22"]
[SourceQuality "1"]

1. e4 e5 2. Bc4 Bc5 3. Nf3 Nc6 4. c3 Nf6 5. d3 0-0 6. 0-0 h6 7. Nbd2 d6 8. Bb3 Bg4 9. h3 Bh5 10. Re1 Qd7 11. Nf1 Bg6 12. Nh4 Kh8 13. Ng3 Ne7 14. Qf3 Bh7 15. Bxh6 Nfg8 16. Be3 Bxe3 17. Qxe3 f5 18. exf5 Nxf5 19. Nhxf5 Bxf5 20. d4 exd4 21. Qxd4 Bg6 22. Qh4+ Nh6 23. Re7 Qd8 24. Rae1 d5 25. Qg5 Rf6 26. Nh5 Rf7 27. Re8+ Qxe8 28. Rxe8+ Rxe8 29. Qxg6 Re6 30. Qxe6 1-0